Learn French Food - Statistics

General Stats
  • This quiz has been taken 17 times
  • The average score is 52 of 91
Answer Stats
English French / Français % Correct
Strawberry Fraise
93%
Orange Orange
93%
Apple Pomme
93%
Banana Banane
87%
Butter Beurre
87%
Steak Bifteck / steak
87%
Raspberry Framboise
87%
Cheese Fromage
87%
Milk Lait
87%
Potato Pomme de terre
87%
Duck Canard
80%
Carrot Carotte
80%
Chocolate Chocolat
80%
Lemon Citron
80%
Ice cream Glace
80%
Egg Oeuf
80%
Bread Pain
80%
Peach Pêche
80%
Fish Poisson
80%
Rice Riz
80%
Tomato Tomate
80%
Cream Crème
73%
Croissant Croissant
73%
Snails Escargots
73%
Fruit Fruit
73%
Cake Gâteau
73%
Ham Jambon
73%
Pear Poire
73%
Salt Sel
73%
Apricot Abricot
67%
Lamb Agneau
67%
Pineapple Ananas
67%
Eggplant Aubergine
67%
Cookie Biscuit
67%
Cherry Cerise
67%
Mushroom Champignon
67%
Pork Porc
67%
Chicken Poulet
67%
Grape Raisin
67%
Yogurt Yaourt
67%
Garlic Ail
60%
Cucumber Concombre
60%
Turkey Dinde
60%
Fig Figue
60%
Fries (US) / chips (UK) Frites
60%
Rabbit Lapin
60%
Corn Maïs
60%
Melon Melon
60%
Watermelon Pastèque
60%
Sauce Sauce
60%
Sugar Sucre
60%
Pie Tarte
60%
Vanilla Vanille
60%
Zucchini Courgette
53%
Honey Miel
53%
Pasta Pâtes
53%
Candy Bonbon
47%
Cauliflower Chou-fleur
47%
Lime Citron vert
47%
Jam Confiture
47%
Flour Farine
47%
Bean Haricot
47%
Mustard Moutarde
47%
Onion Oignon
47%
Grapefruit Pamplemousse
47%
Pepper Poivre
47%
Plum Prune
47%
Celery Céleri
40%
Spinach Épinards
40%
Olive oil Huile d’olive
40%
Tangerine Mandarine
40%
Mayonnaise Mayonnaise
40%
Blackberry Mûre
40%
Blueberry Myrtille
40%
Radish Radis
40%
Sausage Saucisson
40%
Veal Veau
40%
Pomegranate Grenade
33%
Artichoke Artichaut
27%
Asparagus Asperges
27%
Pumpkin Citrouille
27%
Peas Petits pois
27%
Anchovies Anchois
20%
Beet Betterave
20%
Custard / burnt sugar Crème brûlée
20%
Leek Poireau
20%
Pumpkin Potiron
20%
Prune Pruneau
20%
Squash Courge
13%
Flan Crème caramel
7%
Toast Tartine
7%
No matching quizzes found
Score Distribution
Percent of People with Each Score
Percentile by Number Answered
Your Score History
You have not taken this quiz